000 01345nam a2200289Ia 4500
003 OSt
005 20221005103515.0
006 a|||||r|||| 00| 0
007 ta
008 221004b |||||||| |||| 00| 0 hin d
020 _a9788131604847 (pbk)
_c295
024 _a8166
037 _b835, 20/12/2013, Bright Book Service
_cTextual
040 _aCRL
_cCRL
_bhin
041 _2hin
_ahin
082 _aWv2.N5, 152Q2
100 _aचक्रवर्ती, विद्युत
245 0 _aआधुनिक भारतीय राजनीतिक चिन्तन
_b विचार व संदर्भ
246 _aĀdhunik bhāratīya rājanītik chintana: vichār v sandarbha
260 _aजयपुर
_bरावत पब्लिकेशन्स भारत
_c2012
300 _a419पृ0
_ccm.
650 _aभारतीय राजनीति
700 _a चतुर्वेदी, गीता, अनु.
700 _a पाण्डेय, राजेन्द्रकुमार
942 _hWv2.N5, 152Q2
_cTEXL
_2cc
999 _c1010234
_d1010234